000
00256nam a22001217a 4500
008
181101b xxu||||| |||| 00| 0 eng d
041
_a
eng
080
_a
610
100
_a
4
101
_a
SHM
245
_a
Clinical Symposia
_c
Ross.L.M
942
_2
udc
_c
BK
999
_c
51430
_d
51430